000 00711nam a22002057a 4500
005 20100813140529.0
010 _aENG-100122
020 _a9788190612302
_c300.00
035 _aEN-83654
037 _bDBAD/PUB
082 _a581.63
100 _aRaamachandran, J.
_913021
245 _aHerbs of siddha medicine /
_cby J. Raamachandran
260 _aChennai
_bMurugan Pathippagam
_c2008
270 _a5, Kamakoti Nagar
_bChennai
_e600087
300 _aVol.1 vi, 204p. :
_c28cm (Hb)
_bill
500 _aIncluded index
942 _2ddc
_cEN
_h581.63
_mRAM
999 _c41627
_d41627